Statistics for Biggest Cities Starting with 'A'

Click here to take the quiz!

General Stats

  • This quiz has been taken 108 times
    (89 since last reset)
  • The average score is 13 of 15

Answer Stats

PopulationCountryCity% Correct
5,050,000TurkeyAnkara
99%
3,350,000GreeceAthens
99%
5,800,000EgyptAlexandria
97%
2,475,000NetherlandsAmsterdam
97%
3,800,000EthiopiaAddis Ababa
96%
5,600,000JordanAmman
94%
3,975,000AlgeriaAlgiers
92%
2,350,000ParaguayAsuncion
92%
5,850,000United StatesAtlanta
90%
5,100,000GhanaAccra
89%
3,525,000NigeriaAbuja
87%
5,600,000Ivory CoastAbidjan
81%
8,500,000IndiaAhmedabad
76%
2,300,000IndiaAgra
62%
2,625,000ChinaAnshan
30%

Score Distribution

Percentile by Number Answered

Percent of People with Each Score

Your Score History

You have not taken this quiz since the last reset